000 00417nam a2200145Ia 4500
003 GCL
008 140319s9999 xx 000 0 ara d
040 _aGCL /
_cGCL
082 0 4 _a250
_bع ر
245 1 0 _aالوزن والاجل
260 _a[S.N] :
_bدار التيسير للثقافة والعلوم الاسلامية ،
_c1992
490 _a
650 0 4 _aالشريعة الاسلامية
942 _2ddc
_cBK
999 _c53119
_d53119